000 00820nam a22002057a 4500
001 EIF-V-2003-M3-008
003 OSt
005 20221110132232.0
008 221110b |||||||| |||| 00| 0 eng d
040 _aFundación Jesús Pereda
_cFundación Jesús Pereda
041 _aCastellano
100 _uUniversidad de Alcalá
_aRuiz Bautista, Eduardo
_9455
111 _aEncuentro de Investigadores del Franquismo
_c(Albacete.
_d2003.
_n5º)
_997
245 _aLa estrategia del censor.
_bLecturas y lectores en un tiempo de guerra,
_f1939-1945
_c/Eduardo Ruiz Bautista
650 0 _9336
_aCultura
650 0 _9163
_aCensura
773 _tActas del V Encuentro de Investigadores del Franquismo
856 _uhttps://bibliotecaccoocyl.fundacionjesuspereda.es/cgi-bin/koha/opac-retrieve-file.pl?id=1ac5172b6b885a8bfccab73f4f5f3d05
942 _2ddc
_cCF
_n0
999 _c283
_d283